000 00567nam a22001817a 4500
003 UA-OsUOA
001 12909
007 ta
008 20050601b un ||||| |||| 00| 0 ukr d
100 _aІсаєва Т.
942 _cSA
040 _aUA-OsUOA
_cUA-OsUOA
_dUA-OsUOA
245 _aПерлина краю в оправі майстра
_b[Про Корец. обл. фізіотерапевт. лікарню]
300 _aС.3
955 _a0
773 0 _w0
_tВісті Рівненщини
_dРівне
_d2005
_g№39/27 трав./
650 7 _aЛікарні
_2UDC
999 _c299070
_d299070